1433 1869 1190 1175 1187 1234 1554 1914 1004 1911 1815 1994 1117 1315 1453 1682 1423 1363 1999 1057 1990 1933 1580 1091 1446 1850 1413 1201 1552 1715 1535 1891 1948 1571 1793 1130 1921 1325 1909 1086 1418 1616 1778 1362 1333 1334 1474 1827 1479 1366 1027 1053 1560 1449 1796 1824 1470 1045 1256 1578 1484 1458 1136 1378 1683 1887 1241 1658 1318 1269 1641 1327 1533 1359 1780 1378 1849 1221 1120 1600 1344 1513 1426 1386 1277 1858 1750 1030 1558 1071 1326 1600 1285 1159 1421 1209 1245 1350 1893 BCNSPRNW ULIB Ver.6.0+V

เปลี่ยนเป็นภาษาไทย

Change to English
 แสดงรายละเอียดบรรณานุกรม
  กลับหน้าหลัก

Brief Record : Get Marc (ISO 2709) : E-mail record : QR code < ปิดหน้าต่าง
LEADER : 00000nam 2200000uu 4500
001    13399111913
003     ULIB
008    110627s2556||||th 000 0 tha d
020    9786160610655
090    นว.^bป524ร
100 0  ปัญญ์ปรียา
245 00 รักกำลังดี/^cปัญญ์ปรียา
250    พิมพ์ครั้งที่ 2
260    กรุงเทพฯ :^bแจ่มใส,^c2556
300    240 หน้า
710 1  แจ่มใส
945    ^p249^l0^i021013
995    ทศพร
999 ^a ใช้งานได้ทุกระบบ
รายการนี้ยังไม่มีแท็ก
คุณยังไม่ได้ล็อกอิน คุณสามารถมีกิจกรรมร่วมกับเว็บไซต์ได้ แต่ต้องล็อกอินก่อน ::
  ล็อกอิน

รายการสื่อสารสนเทศ

ลำดับที่ ประเภท เลขเรียก/บาร์โค้ด สถานที่ สถานะ
1. นวนิยาย
นวนิยาย
นว. ป524ร ฉ.1 
  Barcode: 021013
ห้องสมุดวิทยาเขตสวรรค์ประชารักษ์
►นวนิยาย
บนชั้น
  ขอยืม

รายการใกล้เคียง
    ผู้แต่ง [ปัญญ์ปรียา]

BibComment


ยังไม่เคยถูกคอมเมนท์

คอมเมนท์ทรัพยากรรายการนี้
  คอมเมนท์: รักกำลังดี ปัญญ์ป..


 Copyright 2026. Bcnsprnw @Library